000 00708nam a2200289Ia 4500
005 20260324115830.0
008 008 260324s9999 xx 000 0 eng d
020 _a9781315222417
037 _aEBOOK
040 _aCRL
040 _beng
040 _cCRL
041 _2eng
041 _aeng
084 _qCRL
100 _aPeter T. Parrish
_91156182
245 0 _aPhotovoltaic Laboratory
245 0 _bSafety, Code-Compliance, and Commercial Off-the-Shelf Equipment
260 _bTaylor and Francis
260 _c2016
365 _a
365 _b320
856 _uhttp://www.taylorfrancis.com/books/9781315222417
942 _cEBOOK
999 _c1747349
_d1747349